000 00346 a2200169 4500
001 174291
020 _a
040 _cMagnum
100 _aCoelho, Ronaldo Simões
240 1 0 _aA laranja colorida
_lpor
245 1 0 _aA laranja colorida
300 _a20
362 0 _a1987
440 1 _a
697 _aLITERATURA INFANTO
942 _cBK
999 _c174291
_d174291